000 00417nam a22001817a 4500
003 OSt
005 20250324114734.0
008 250324b |||||||| |||| 00| 0 eng d
020 _a9789393050434
082 _a8H3
_bLEXG
100 _aLexicon Books
245 _aGautam buddha ka gyan
260 _aGurugram
_bLexicon Books
300 _a160p.
546 _aHindi
651 _aHindi Fiction
942 _2ddc
_cBK
999 _c3737
_d3737